[Event "Regensburg Donau Cup"]
[Site "Regensburg"]
[Date "2017.05.24"]
[Round "1"]
[White "Boehm, Tobias"]
[Black "Brack, Johannes"]
[Result "0-1"]
[WhiteElo "1340"]
[BlackElo "1889"]
[PlyCount "74"]
[EventDate "2017.05.24"]
[EventType "swiss"]
[EventRounds "7"]
[EventCountry "GER"]
[SourceTitle "CBM 178 Extra"]
[Source "ChessBase"]
[SourceDate "2017.06.22"]
[SourceVersion "1"]
[SourceVersionDate "2017.06.22"]
[SourceQuality "1"]

1. d4 Nf6 2. Nf3 g6 3. Bf4 Bg7 4. e3 0-0 5. Bd3 d6 6. c3 Nc6 7. Bc2 Bg4 8. Nbd2 e5 9. Bg3 Qe8 10. 0-0 e4 11. Ba4 exf3 12. gxf3 Bh5 13. Qb3 Qc8 14. Bb5 Qe6 15. Bc4 Qf5 16. Qxb7 Bxf3 17. Nxf3 Qxf3 18. Qxc7 Rac8 19. Qxd6 Ne4 20. Bd5 Rfd8 21. Bxe4 Qxe4 22. Qf4 Qc2 23. Rab1 Rb8 24. Rfc1 Qa4 25. a3 Rb3 26. Qe4 Na5 27. Rc2 Nc4 28. Qe7 Re8 29. Qc7 h5 30. Bd6 Rb7 31. Qxb7 Qxc2 32. Rf1 Nxd6 33. Qd7 Bf8 34. Qxa7 Qe2 35. h3 Qf3 36. Kh2 Nf5 37. Qc7 Bd6+ 0-1